000
00282nam a22001217a 4500
082
_a
225.52 WEN
100
_a
Wenger, John
245
_a
The New Testment of Our Lord and Saviour Jessus Christ: In Sanscrit
260
_a
USA
_c
1851
300
_a
666
650
_a
Bible
942
_c
BK
999
_c
20146
_d
20146